| 000 | 01170nam0a22002651 4500 | ||
|---|---|---|---|
| 001 | rc\4772652 | ||
| 005 | 20260406200138.0 | ||
| 021 |
_aRU _b[58-6909] |
||
| 035 | _a(NLR Aleph) 009024188 | ||
| 090 |
_a9447553 _c9447553 |
||
| 100 | _a20130417d1958 |||y0rusy50 ca | ||
| 101 | 0 | _arus | |
| 102 | _aRU | ||
| 105 | _aa z ||||| | ||
| 200 | 1 |
_aОпыт работы школьных МТС _e[Сборник статей] _fОрлов. обл. отд. нар. образования. Ин-т усовершенствования учителей |
|
| 210 |
_aОрел _cКн. изд-во _d1958 |
||
| 215 |
_a56 с. _cил. _d20 |
||
| 606 |
_aМашинно-тракторные станции, школьные _yОрловская область _2psbo |
||
| 606 |
_aСельское хозяйство _jПрактические работы учащихся _yОрловская область _2psbo |
||
| 712 | 0 | 2 |
_aОрловский областной институт усовершенствования учителей _3RU\NLR\AUTH\889959628 _9415445 |
| 801 | 0 |
_aRU _bNLR _gpsbo |
|
| 801 | 1 |
_aRU _bELAR _2rusmarc |
|
| 852 |
_aNLR _j58-4/2632 |
||
| 942 | _cBOOK | ||
| 980 | _aNB | ||